000 00526nam a2200193Ia 4500
003 IN-BaIIA
008 211028s9999 xx 000 0 eng d
020 _a340-05344-5
040 _cIIA Library
080 _a512.643
_bBIC
100 _aBickley, W.G
245 0 _aMatrices
_btheir meaning and manipulation.
_cBickley W. G.
260 _aLondon
_bThe English Universities Press
_c1964
300 _axiii,168p.
490 _aGeneral engineering series
650 _aMatrices
_92806
650 _aNASA Thesaurus
942 _cBK
999 _c3325
_d3325